Normal view
MARC view
- D.H.Young
Entry Personal Name
001 - CONTROL NUMBER
- control field: 50880
003 - CONTROL NUMBER IDENTIFIER
- control field: NUST
005 - DATE AND TIME OF LATEST TRANSACTION
- control field: 20210314134828.0
008 - FIXED-LENGTH DATA ELEMENTS
- fixed length control field: 210314|| aca||aabn | a|a d
040 ## - CATALOGING SOURCE
- Original cataloging agency: NUST
- Transcribing agency: NUST
100 ## - HEADING--PERSONAL NAME
- Personal name: D.H.Young
670 ## - SOURCE DATA FOUND
- Source citation: Work cat.: (NUST): D.H.Young, Theory of Structures, 1965
